| 000 | 00541nam a22001697a 4500 | ||
|---|---|---|---|
| 003 | OSt | ||
| 005 | 20120302150444.0 | ||
| 008 | 090707t xxu||||| |||| 00| 0 eng d | ||
| 035 | _a६०२९ | ||
| 040 | _cमराठी | ||
| 245 | _aश्री- वाल्मीकि रामायणम् | ||
| 250 | _a१ ली | ||
| 260 |
_aमुंबई _bरायकर _c२००१ |
||
| 300 | _b१५६ पाने | ||
| 700 |
_aघैसास, दिवाकर अनंत - संपा. _97246 |
||
| 942 |
_2ddc _cBOOK |
||
| 999 |
_c492188 _d492185 |
||